The good grammar book with answers: A grammar practice book for elementary to lower-intermediate students of English
שמור ב:
| מחבר ראשי: | |
|---|---|
| פורמט: | ספר |
| שפה: | Undetermined |
| יצא לאור: |
Oxford, NY
Oxford Univ. Press
2001
|
| נושאים: | |
| תגים: |
הוספת תג
אין תגיות, היה/י הראשונ/ה לתייג את הרשומה!
|
| Thư viện lưu trữ: | Trung tâm Học liệu Trường Đại học Cần Thơ |
|---|
| LEADER | 00641nam a2200205Ia 4500 | ||
|---|---|---|---|
| 001 | CTU_57351 | ||
| 008 | 210402s9999 xx 000 0 und d | ||
| 020 | |b 115000 | ||
| 082 | |a 425.076 | ||
| 082 | |b S972 | ||
| 100 | |a Michael Swan | ||
| 245 | 4 | |a The good grammar book with answers: A grammar practice book for elementary to lower-intermediate students of English | |
| 245 | 0 | |c Michael Swan and Catherine Walter | |
| 260 | |a Oxford, NY | ||
| 260 | |b Oxford Univ. Press | ||
| 260 | |c 2001 | ||
| 650 | |a english grammar | ||
| 650 | |x problems, exercises, etc | ||
| 904 | |i Minh | ||
| 980 | |a Trung tâm Học liệu Trường Đại học Cần Thơ | ||